|
|
|
|
| LEADER |
05458nam a2200601 a 4500 |
| 001 |
8147 |
| 003 |
BD-DhAAL |
| 005 |
20160726134040.0 |
| 008 |
151117t20121999nyu 000 1 eng |
| 010 |
|
|
|a 2013387317
|
| 020 |
|
|
|a 9780751540482
|
| 020 |
|
|
|a 9780751538946
|
| 020 |
|
|
|a 9781455508563
|
| 020 |
|
|
|a 145550856X
|
| 020 |
|
|
|a 9780446525534
|
| 020 |
|
|
|a 0446525537
|
| 040 |
|
|
|a DWA
|c DWA
|d YDXCP
|d DLC
|d BD-DhAAL
|
| 050 |
0 |
0 |
|a PS3569.P363
|b W35 2012
|
| 082 |
0 |
0 |
|a 813/.54
|2 23
|
| 100 |
1 |
|
|a Sparks, Nicholas.
|9 13156
|
| 245 |
1 |
2 |
|a A walk to remember /
|c Nicholas Sparks.
|
| 260 |
|
|
|a New York, NY :
|a London :
|b Grand Central Pub.,
|b Sphere,
|c 2011, c1999.
|
| 300 |
|
|
|a 193 p. ;
|c 18 cm.
|
| 490 |
1 |
|
|a Novel Learning Series.
|
| 500 |
|
|
|a Student guide includes ELA common core state standards alignment ; critical thinking and comprehension skills development ; SAT/ACT style questions to help students improve test scores ; sample essays with rubric to facilitate writing development and skills. --front cover.
|
| 520 |
|
|
|a Landon Carter never thought he would fall for Jamie Sullivan, the shy daughter of the town's Baptist minister who showed him the joy and pain of living"--P. [4] of cover.
|
| 541 |
|
|
|e 8147
|
| 600 |
1 |
0 |
|a Sparks, Nicholas
|t Walk to remember
|x Study and teaching.
|9 16245
|
| 650 |
|
0 |
|a Children of clergy
|v Fiction.
|9 16246
|
| 650 |
|
0 |
|a Teenage boys
|v Fiction.
|9 16247
|
| 651 |
|
0 |
|a Beaufort (N.C.)
|v Fiction.
|9 16248
|
| 942 |
|
|
|2 ddc
|c BK
|
| 999 |
|
|
|c 36177
|d 36177
|
| 952 |
|
|
|0 0
|1 0
|2 ddc
|4 0
|6 813_000000000000000__54_SPA
|7 0
|9 56888
|a SCL
|b SCL
|c GEN
|d 2015-11-17
|g 150.00
|l 13
|m 63
|o 813.54 SPA
|p 3020008147
|r 2020-03-11
|s 2020-01-17
|t 1
|w 2015-11-17
|y BK
|
| 952 |
|
|
|0 0
|1 0
|2 ddc
|4 0
|6 813_000000000000000__54_SPA
|7 0
|9 59245
|a SCL
|b SCL
|c GEN
|d 2016-07-16
|e Fensi book house
|g 140.00
|l 19
|m 79
|o 813.54 SPA
|p 3020008576
|r 2025-02-17
|s 2025-02-11
|t 2
|w 2016-07-16
|y BK
|
| 952 |
|
|
|0 0
|1 0
|2 ddc
|4 0
|6 813_000000000000000__54_SPA
|7 0
|9 59246
|a SCL
|b SCL
|c GEN
|d 2016-07-16
|e Fensi book house
|g 140.00
|l 12
|m 53
|o 813.54 SPA
|p 3020008575
|r 2020-03-10
|s 2020-01-16
|t 3
|w 2016-07-16
|y BK
|
| 952 |
|
|
|0 0
|1 0
|2 ddc
|4 0
|6 813_000000000000000__54_SPA
|7 0
|9 59247
|a SCL
|b SCL
|c GEN
|d 2016-07-16
|e Fensi book house
|g 140.00
|l 17
|m 73
|o 813.54 SPA
|p 3020008577
|r 2022-12-14
|s 2022-10-27
|t 4
|w 2016-07-16
|y BK
|
| 952 |
|
|
|0 0
|1 0
|2 ddc
|4 0
|6 813_000000000000000__54_SPA
|7 0
|9 59409
|a SCL
|b SCL
|c GEN
|d 2016-07-23
|e Fensi book house
|g 140.00
|l 13
|m 63
|o 813.54 SPA
|p 3020008578
|r 2020-02-01
|s 2020-01-16
|t 5
|w 2016-07-23
|y BK
|
| 952 |
|
|
|0 0
|1 0
|2 ddc
|4 0
|6 813_000000000000000__54_SPA
|7 0
|9 59430
|a SCL
|b SCL
|c GEN
|d 2016-07-24
|e Fensi book house
|g 140.00
|l 16
|m 56
|o 813.54 SPA
|p 3020008579
|r 2020-02-24
|s 2020-01-16
|t 6
|w 2016-07-24
|y BK
|
| 952 |
|
|
|0 0
|1 0
|2 ddc
|4 0
|6 813_000000000000000__54_SPA
|7 0
|9 59440
|a SCL
|b SCL
|c GEN
|d 2016-07-25
|e Tajin Boi Gar
|g 80.00
|l 13
|m 56
|o 813.54 SPA
|p 3020008717
|r 2020-01-26
|s 2020-01-16
|t 7
|w 2016-07-25
|y BK
|
| 952 |
|
|
|0 0
|1 0
|2 ddc
|4 0
|6 813_000000000000000__54_SPA
|7 0
|9 59456
|a SCL
|b SCL
|c GEN
|d 2016-07-26
|e Tajin Boi Gar
|g 80.00
|l 15
|m 57
|o 813.54 SPA
|p 3020008718
|r 2020-02-21
|s 2020-01-22
|t 8
|w 2016-07-26
|y BK
|
| 952 |
|
|
|0 0
|1 3
|2 ddc
|4 0
|6 813_000000000000000__54_SPA
|7 0
|9 60269
|a SCL
|b SCL
|c GEN
|d 2017-04-18
|e Tajin Boi Ghar
|g 70.00
|l 17
|m 53
|o 813.54 SPA
|p 3020008832
|r 2025-05-14
|s 2025-02-12
|t 9
|w 2017-04-18
|y BK
|x KATHA AHMED ID 24321013 lost "A walk to remember" book Paid for 140 taka Book Accession No. 8832"
|
| 952 |
|
|
|0 0
|1 0
|2 ddc
|4 0
|6 813_000000000000000__54_SPA
|7 0
|9 60270
|a SCL
|b SCL
|c GEN
|d 2017-04-18
|e Tajin Boi Ghar
|g 70.00
|l 11
|m 47
|o 813.54 SPA
|p 3020008833
|r 2020-02-01
|s 2020-01-16
|t 10
|w 2017-04-18
|y BK
|
| 952 |
|
|
|0 0
|1 0
|2 ddc
|4 0
|6 813_000000000000000__54_SPA
|7 0
|9 60271
|a SCL
|b SCL
|c GEN
|d 2017-04-18
|e Tajin Boi Ghar
|g 70.00
|l 14
|m 75
|o 813.54 SPA
|p 3020008834
|r 2025-05-11
|s 2025-02-12
|t 11
|w 2017-04-18
|y BK
|
| 952 |
|
|
|0 0
|1 0
|2 ddc
|4 0
|6 813_000000000000000__54_SPA
|7 0
|9 60272
|a SCL
|b SCL
|c GEN
|d 2017-04-18
|e Tajin Boi Ghar
|g 70.00
|l 13
|m 48
|o 813.54 SPA
|p 3020008835
|r 2023-08-26
|s 2023-08-03
|t 12
|w 2017-04-18
|y BK
|
| 952 |
|
|
|0 0
|1 0
|2 ddc
|4 0
|6 813_000000000000000__54_SPA
|7 0
|9 60273
|a SCL
|b SCL
|c GEN
|d 2017-04-18
|e Tajin Boi Ghar
|g 70.00
|l 17
|m 76
|o 813.54 SPA
|p 3020008836
|r 2025-11-26
|s 2025-11-09
|t 13
|w 2017-04-18
|y BK
|
| 952 |
|
|
|0 0
|1 0
|2 ddc
|4 0
|6 813_000000000000000__54_SPA
|7 0
|9 61122
|a SCL
|b SCL
|c GEN
|d 2017-09-13
|e Tajin Boi Gar
|g 100.00
|l 14
|m 61
|o 813.54 SPA
|p 3020009198
|r 2024-06-23
|s 2024-06-06
|t 14
|w 2017-09-13
|y BK
|
| 952 |
|
|
|0 0
|1 0
|2 ddc
|4 0
|6 813_000000000000000__54_SPA
|7 0
|9 61123
|a SCL
|b SCL
|c GEN
|d 2017-09-13
|e Tajin Boi Gar
|g 100.00
|l 18
|m 36
|o 813.54 SPA
|p 3020009199
|r 2024-06-08
|s 2024-05-29
|t 15
|w 2017-09-13
|y BK
|
| 952 |
|
|
|0 0
|1 0
|2 ddc
|4 0
|6 813_000000000000000__54_SPA
|7 0
|9 61124
|a SCL
|b SCL
|c GEN
|d 2017-09-13
|e Tajin Boi Gar
|g 100.00
|l 8
|m 36
|o 813.54 SPA
|p 3020009200
|r 2019-07-30
|s 2019-05-16
|t 16
|w 2017-09-13
|y BK
|
| 952 |
|
|
|0 0
|1 0
|2 ddc
|4 0
|6 813_000000000000000__54_SPA
|7 0
|9 61125
|a SCL
|b SCL
|c GEN
|d 2017-09-13
|e Tajin Boi Gar
|g 100.00
|l 15
|m 55
|o 813.54 SPA
|p 3020009201
|r 2024-12-05
|s 2024-12-02
|t 17
|w 2017-09-13
|y BK
|
| 952 |
|
|
|0 0
|1 0
|2 ddc
|4 0
|6 813_000000000000000__54_SPA
|7 0
|9 61126
|a SCL
|b SCL
|c GEN
|d 2017-09-13
|e Tajin Boi Gar
|g 100.00
|l 4
|m 13
|o 813.54 SPA
|p 3020009202
|r 2018-03-30
|s 2018-03-09
|t 18
|w 2017-09-13
|y BK
|
| 952 |
|
|
|0 0
|1 0
|2 ddc
|4 0
|6 813_000000000000000__54_SPA
|7 0
|9 61127
|a SCL
|b SCL
|c GEN
|d 2017-09-13
|e Tajin Boi Gar
|g 100.00
|l 14
|m 68
|o 813.54 SPA
|p 3020009203
|r 2025-08-23
|s 2025-08-23
|t 19
|w 2017-09-13
|y BK
|
| 952 |
|
|
|0 0
|1 0
|2 ddc
|4 0
|6 813_000000000000000__54_SPA
|7 0
|9 61128
|a SCL
|b SCL
|c GEN
|d 2017-09-13
|e Tajin Boi Gar
|g 100.00
|l 14
|m 47
|o 813.54 SPA
|p 3020009204
|r 2022-10-27
|s 2022-10-25
|t 20
|w 2017-09-13
|y BK
|